| 000 | 00793 a2200205 4500 | ||
|---|---|---|---|
| 008 | 240605b mp ||||| |||| 00| 0 mon d | ||
| 035 | _a5206 | ||
| 040 |
_aHE0623081 _bmon _cMN-UlNLM _dMN-UlNLM _erda |
||
| 041 | _amon | ||
| 042 | _a8797 | ||
| 084 |
_2NNA _a74.102 _bА.66 |
||
| 245 | 0 | _aАнхны үгс | |
| 264 |
_aУБ. _bМонсудар хэвлэлийн газар _c2014 |
||
| 300 | _a13х. | ||
| 336 |
_2rdacontent _atext _btxt |
||
| 337 |
_2rdamedia _aunmediated _bn |
||
| 338 |
_2rdacarrier _avolume _bnc |
||
| 650 | _aЭнэхүү номонд чихмэл бамбарууш, гутал зэрэг хүүхдэд ойр байдаг зүйлсийг төрөл бүрийн материал ашиглан танилцуулллаа. Бат бөх чан... | ||
| 942 |
_2NNA _cBK |
||
| 999 |
_c877560 _d877617 |
||